00827 2200337 4500001002100000005001500021035002000036007000300056008004100059020002200100082000800122084001400130100001700144245006800161260004500229300003100274650002100305700002700326990001200353990001200365990001100377990001100388990001200399990001200411990001100423990001100434990001100445990001100456990001100467990001100478INLIS00000000000203820180605091716 a0010-0618000007ta180605 g 0 ind  a978-602-03-1114-2 a745 a745 SRI k0 aSRI, Anggani1 aKreasi Daur Ulang /cSri Anggani; editor, Petra Aquina Budiarti aJakarta :bGramedia Pustaka Utama,c2014 a61 hlm. :bilus. ;c23 cm. aKERAJINAN TANGAN0 aPETRA, Aquina Budiarti a16664 a a16664 b a16664b a16664b a16664 a a16664 a a16664a a16664b a16664b a16664a a16664a a16664b